Principales aspectos vinculados con la mediación y la mediación concursal (Registro nro. 11644)

Detalles MARC
000 -LEADER
fixed length control field 00342 a2200109 4500
001 - CONTROL NUMBER
control field ART_6982
005 - DATE AND TIME OF LATEST TRANSACTION
control field 20260410161622.0
008 - FIXED-LENGTH DATA ELEMENTS--GENERAL INFORMATION
fixed length control field 260409a
100 1# - MAIN ENTRY--PERSONAL NAME
Personal name Rodríguez, Raquel E.
245 10 - TITLE STATEMENT
Title Principales aspectos vinculados con la mediación y la mediación concursal
773 0# - HOST ITEM ENTRY
Title Enfoques
Related parts - Nº 2 (feb. 2011)
Record control number REV416

No hay ítems disponibles.